000 01660nam a22001817a 4500
999 _c63809
_d63809
003 Ge_BSU
005 20260120191845.0
008 260120s1959 ge ||||| |||| 00| 0 geo d
041 _ageo
080 _a329.150.21 XXI : 338.26(47+57) ხ-88
100 _aხრუშჩოვი, ნ.ს.
_926023
245 _aამხანაგ ნ. ს. ხრუშჩოვის საბოლოო სიტყვა საბჭოთა კავშირის კომუნისტური პარტიის XXI ყრილობაზე 1959 წლის 5 თებერვალს :
_b რეზოლუცია საბჭოთა კავშირის კომუნისტური პარტიის XXI ყრილობისა "სსრ კავშირის სახალხო მეურნეობის განვითარების 1959-1965 წლების საკონტროლო ციფრების შესახებ" ამხანაგ ნ. ს. ხრუშჩოვის მოხსენების გამო. მიღებულია ერთხმად 1959 წლის 5 თებერვალს /
_cნ.ს. ხრუშჩოვი.
264 _aთბ. :
_bსაქ. კპ ცკ-ის გამ-ბა,
_c1959.
300 _a84 გვ. ;
_b20 სმ.
653 _aსკკპ XXI ყრილობა.
653 _aსსრ კავშირის სახალხო მეურნეობის განვითარების შვიდწლიანი გეგმა, 1959-1965 წ.წ.
942 _2udc
_cᲬᲘᲒᲜᲘ